000 00498nam a22001817a 4500
005 20251108175639.0
008 250721s9999 xx 000 0 eng d
082 1 4 _aJ/F/BOL
100 1 _aEL sayed, omar
245 1 4 _athe minister fox /
264 1 _aعمان :
_bدار الاسره للنشر والتوزيع,
300 _a12P.
490 0 _aKALILA AND DEMNA
650 1 7 _aFICTION
653 _aاطفال مرحلة متوسطة(6-9)سنوات
942 _2ddc
_cBK
999 _c139080
_d139080